Statistics for London Multiple Choice Quiz

Click here to take the quiz!

General Stats

  • This quiz has been taken 297 times
  • The average score is 7 of 10

Answer Stats

Question Answer % Correct
What was the west London area where Julia Roberts and Hugh Grant got it together and was the title of the film?Notting Hill
91%
What is usually regarded as the main shopping street in central London?Oxford Street
84%
Who is the current Mayor of London?Sadiq Khan
82%
What west London suburb plays host to the England Rugby Union team?Twickenham
78%
Where did the Great Fire of London start?Pudding Lane
73%
Who sang London CallingThe Clash
73%
What street does the London Marathon end on?The Mall
67%
Which football team play in the stadium that was used for the 2012 Olympics (now called The London Stadium)?West Ham
60%
What was the most visited London museum in 2017?British Museum
53%
What is the busiest London Underground station?Kings Cross
46%

Score Distribution

Percentile by Number Answered

Percent of People with Each Score

Your Score History

You have not taken this quiz